| 000 | 01037cam a2200253 4500 | ||
|---|---|---|---|
| 008 | 010823n2001 000 0 eng u | ||
| 020 | _a1898383650 | ||
| 035 | _a(Sirsi) u114299 | ||
| 050 | _a346.41032 | ||
| 100 | _aMalz, B. | ||
| 245 | _aLiability of the negligent surveyor | ||
| 260 |
_aLondon _bEstates Gazette ; Lark Productions _c2001 |
||
| 300 |
_a173p. _c21cm. |
||
| 350 | _a25.00 | ||
| 490 |
_aEstates Gazette Need to Know Series _v10 |
||
| 520 | _aThe latest title in the Estates Gazette "Need to know" series, on how the tort of negligence can affect surveyors in professional practice. Considers the duty of care owed by, and the standard of care required of, surveyors as well as possible defences against claims of surveyors' negligence. Includes case summaries and typical terms of engagement. | ||
| 650 | _aLIABILITY | ||
| 650 | _aNEGLIGENCE | ||
| 650 | _aSURVEYORS' LIABILITIES | ||
| 650 | _aSURVEYORS' NEGLIGENCE | ||
| 690 | _aPROFESSIONAL PRACTICE-NEGLIGENCE | ||
| 700 | _aVegoda, V. | ||
| 942 | _n0 | ||
| 999 |
_c101605 _d101605 |
||